Prínosy a náklady vstupu Slovenska do menovej únie kvantitatívne vyhodnotenie

Vstup krajiny do menovej únie predstavuje rozsiahlu štrukturálnu zmenu v jej ekonomickom vývoji. Táto zmena prináša so sebou určité náklady, ako aj prínosy. Strata nezávislej menovej politiky spôsobená zafixovaním nominálneho výmenného kurzu znižuje schopnosť stabilizácie domácej ekonomiky, zasiahnu...

Full description

Saved in:
Bibliographic Details
Main Author: Zeman, Juraj
Format: Book Chapter
Language:Slovak
Subjects:
Tags: Add Tag
No Tags, Be the first to tag this record!

MARC

LEADER 00000naa a2200000 4500
001 0152795
005 20231116091503.4
041 0 |a slo 
044 |a SK 
245 1 0 |a Prínosy a náklady vstupu Slovenska do menovej únie  |b kvantitatívne vyhodnotenie  |c Juraj Zeman 
520 |a Vstup krajiny do menovej únie predstavuje rozsiahlu štrukturálnu zmenu v jej ekonomickom vývoji. Táto zmena prináša so sebou určité náklady, ako aj prínosy. Strata nezávislej menovej politiky spôsobená zafixovaním nominálneho výmenného kurzu znižuje schopnosť stabilizácie domácej ekonomiky, zasiahnutej externými šokmi. Vyššia nestabilita ekonomického prostredia predstavuje vyššie náklady pre domácnosti a firmy spôsobené nižšou predvídateľnosťou ekonomického vývoja. Spoločná mena na druhej strane znižuje transakčné náklady, ktoré vedú k zvýšeniu zahraničného obchodu a v konečnom dôsledku aj k vyššiemu rastu ekonomiky. Kvantifikácia ekonomických prínosov a nákladov zavedenia eura na Slovensku využitím odhadnutého DSGE modelu Slovenska v rámci eurozóny. 
610 2 0 |a prostredie ekonomické 
610 2 0 |a Slovensko 
610 2 0 |a Európska menová únia 
610 2 0 |a náklady transakčné 
610 2 0 |a stabilita hospodárstva 
610 2 0 |a stabilita meny 
610 2 0 |a analýza kvantitatívna 
100 1 |a Zeman, Juraj